| 000 | 00810nam a22002417a 4500 | ||
|---|---|---|---|
| 001 | 3543 | ||
| 003 | FISKH | ||
| 005 | 20250211104230.0 | ||
| 008 | 240318b cb ||||| |||| 00| 0 eng d | ||
| 040 |
_aFISK _beng _cFISK _dFISK |
||
| 050 | _aHQ1412.J64 | ||
| 082 | _a920.720973 | ||
| 100 |
_aJohnston Johanna _d1914- |
||
| 245 |
_aThey led the way: 14 American women / _cJohanna Johnston |
||
| 260 |
_aNew York : _bDodd, Mead & Co., Inc., _c1973 |
||
| 300 |
_a126 pages : _billustrations, _c20 cm |
||
| 505 | _aM | ||
| 520 | _aPresents portraits of fourteen American women who played important roles in American history, including Emma Willard, Abigail Adams, and Harriet Beecher Stowe. | ||
| 521 | 8 |
_aestimates _bLexiles |
|
| 700 | _aJohanna Johnston | ||
| 942 |
_2ddc _cBK _n0 |
||
| 999 |
_c3543 _d3543 |
||